000 00950nam a2200277 a 4500
008
020 _a1841101001 (hbk.)
049 _aMAIN
090 _aQR186.85
100 1 _aLeong, Anthony S.-Y.
245 1 0 _aManual of diagnostic antibodies for immunohistology /
_cAnthony S.-Y. Leong, Kumarasen Cooper, F. and Joel W.-M. Leong.
250 _a2nd ed.
260 _aLondon :
_bGreenwich Medical Media,
_c2003.
300 _axv, 496 p. ;
_c26 cm.
500 _aIncludes bibliographical references.
650 0 _aMonoclonal antibodies
_vHandbooks, manuals, etc.
650 0 _aImmune serums
_vHandbooks, manuals, etc.
650 0 _aDiagnostic immunohistochemistry
_vHandbooks, manuals, etc.
700 1 _aCooper, Kumarasen.
700 1 _aLeong, F. Joel W.-M.
907 _a.b10146477
_b04-07-05
_c13-01-05
003
005 20230120203850.0
040 _cNUST
942 _cBOOKS
_kQR186.85
999 _c112866
_d112866